00737nam a2200193 i 450000100060000000300090000600500170001500700030003200800410003510000180007624502440009425000120033826000590035030000440040970000180045370000170047170000240048885200310051258839ES-MaACL20230906163912.0t|031024s1943 sp ||||1| spa d1 aEggert, John.10aTratado de Química Física en exposición elemental / cpor John Eggert ; con la colaboración de Lothar Hock ; versión española por J. Palacios ; revisada y puesta al día según la 5ª edición alemana por J. Mercadal Medina. a2ª ed. aBarcelona : bLabor, c1943 (fTall. Ibero-Americanos) aXVI, 726 p. : bil., gráf. ; c24 cm.1 aHock, Lothar.1 aPalacios, J.1 aMercadal Medina, J. aES-MaACLjE-1459 bR.30888